Stranger Things Personnages (Difficile) - Statistiques

Statistiques générales
  • Ce quiz a été pris 6 372 fois
    6 131 depuis la dernière actualisation
  • Le résultat moyen est 29 sur 74
Statistiques - réponses
Hint Réponse % Correct
1 Eleven / Onze / 011 / Elfe / Jane
99%
2 Mike
98%
3 Will
97%
5 Dustin
96%
4 Lucas
96%
6 Max
94%
12 Jim / Hopper
93%
11 Joyce
91%
9 Nancy
91%
7 Steve
91%
10 Jonathan
88%
18 Billy
84%
31 Vecna / 001 / Henry
83%
8 Robin
81%
13 Erica
76%
23 Martin / Brenner / Papa
75%
17 Bob
67%
15 Eddie
67%
38 Karen
63%
14 Murray
62%
16 Barbara
59%
69 Demogorgon
54%
34 Kali / 008
52%
40 Holly
50%
39 Ted
49%
25 Alexei
48%
29 Chrissy
46%
44 Suzie
42%
24 Owens
37%
33 Argyle
35%
26 Enzo
33%
72 Jason
32%
32 Angela
29%
20 Dart
29%
30 Flagelleur Mental / Mind Flyer
29%
19 Heather
29%
46 Victor
28%
52 002
26%
53 003
26%
54 004
26%
55 005
26%
56 006
26%
57 007
26%
58 009
26%
28 Fred
26%
59 010
25%
74 Vickie
25%
27 Yuri
24%
50 Tom
23%
37 Terry
21%
70 Demochien
20%
73 Patrick
19%
71 Scott
18%
68 Larry
15%
42 Lonnie
15%
22 Sara
15%
41 Claudia
13%
36 Becky
11%
48 Alice
10%
21 Miaou / Mew
10%
51 Tommy
9%
45 Troy
9%
60 Eden
6%
43 Neil
6%
47 Virginia
5%
35 Axel
4%
49 Wayne
4%
61 Cornelius
3%
66 Peter
3%
62 Tabitha
2%
67 Garreth
1%
63 Sterling
1%
64 Tanner
1%
65 Tatum
1%
Aucun quiz correspondant
Distribution des résultats
% des personnes avec chaque résultat
Percentile par nombre de réponses
Votre historique - résultats
Vous n’avez pas pris ce quiz depuis la dernière actualisation